Statistics for Countries Without Armed Forces

Click here to take the quiz!

General Stats

  • This quiz has been taken 43 times
    (16 since last reset)
  • The average score is 10 of 16

Answer Stats

Answer% Correct
Vatican City
87%
Samoa
73%
Tuvalu
73%
Federated States of Micronesia
67%
Marshall Islands
67%
Nauru
67%
Palau
67%
Andorra
60%
Dominica
60%
Grenada
60%
Liechtenstein
60%
Solomon Islands
60%
St Lucia
60%
St Vincent and the Grenadines
60%
Kiribati
53%
Costa Rica
47%

Score Distribution

Percentile by Number Answered

Percent of People with Each Score

Your Score History

You have not taken this quiz since the last reset